Sustainable fisheries livelihoods programme in West Africa = Programme pour la pêche en Afrique de l'Ouest
Đã lưu trong:
| 格式: | 圖書 |
|---|---|
| 語言: | Undetermined |
| 出版: |
Rome, Italy
FAO
2002
|
| 主題: | |
| 標簽: |
添加標簽
沒有標簽, 成為第一個標記此記錄!
|
| Thư viện lưu trữ: | Trung tâm Học liệu Trường Đại học Cần Thơ |
|---|
| LEADER | 00480nam a2200157Ia 4500 | ||
|---|---|---|---|
| 001 | CTU_50528 | ||
| 008 | 210402s9999 xx 000 0 und d | ||
| 082 | |a 338.371 | ||
| 082 | |b S948 | ||
| 245 | 0 | |a Sustainable fisheries livelihoods programme in West Africa = Programme pour la pêche en Afrique de l'Ouest | |
| 260 | |a Rome, Italy | ||
| 260 | |b FAO | ||
| 260 | |c 2002 | ||
| 650 | |a fishery | ||
| 650 | |x economic aspects | ||
| 980 | |a Trung tâm Học liệu Trường Đại học Cần Thơ | ||